[Event "12th Maria Albulet Memorial 2019"]
[Site "Braila"]
[Date "2019.10.03"]
[Round "2.1"]
[White "Lehaci, Miruna-Daria"]
[Black "Doluhanova, Evgeniya"]
[Result "1-0"]
[WhiteElo "2131"]
[BlackElo "2285"]
[Annotator "ChessBase"]
[PlyCount "127"]
[EventDate "2019.10.02"]
[EventType "swiss"]
[EventCountry "ROU"]
[SourceTitle "playchess.com"]
[Source "ChessBase"]
[SourceQuality "1"]
[TimeControl "40/5400+30:900+30"]

1. e4 {[%emt 0:00:00]} e5 {[%emt 0:00:00]} 2. Nf3 {[%emt 0:00:00]} Nc6 {[%emt 0:00:00]} 3. Bb5 {[%emt 0:00:00]} Nf6 {[%emt 0:00:00]} 4. d3 {[%emt 0:00:00]} Bc5 {[%emt 0:00:00]} 5. c3 {[%emt 0:00:00]} d6 {[%emt 0:01:00]} 6. O-O {[%emt 0:00:02]} O-O {[%emt 0:00:20]} 7. Nbd2 {[%emt 0:00:04]} Ne7 {[%emt 0:01:26]} 8. d4 {[%emt 0:00:45]} exd4 {[%emt 0:00:35]} 9. cxd4 {[%emt 0:00:05]} Bb6 {[%emt 0:00:33]} 10. Re1 {[%emt 0:00:38]} c6 {[%emt 0:01:33]} 11. Bd3 {[%emt 0:03:11]} Ng6 {[%emt 0:00:18]} 12. Nc4 {[%emt 0:12:31]} Bc7 {[%emt 0:00:34]} 13. e5 {[%emt 0:02:08]} dxe5 {[%emt 0:01:55]} 14. dxe5 {[%emt 0:01:02]} Ng4 {[%emt 0:04:43]} 15. Bg5 {[%emt 0:13:18]} Qd5 {[%emt 0:08:57]} 16. Qe2 {[%emt 0:05:16]} b5 {[%emt 0:04:24]} 17. Ne3 {[%emt 0:08:29]} Nxe3 {[%emt 0:00:44]} 18. Qxe3 {[%emt 0:00:03]} Bb6 {[%emt 0:01:37]} 19. Qe2 {[%emt 0:02:46]} Bg4 {[%emt 0:01:15]} 20. Be4 {[%emt 0:01:00]} Qe6 {[%emt 0:00:27]} 21. h3 {[%emt 0:00:49]} Bxf3 {[%emt 0:03:29]} 22. Bxf3 {[%emt 0:06:42]} Rfe8 {[%emt 0:01:16]} 23. Rac1 {[%emt 0:01:52]} Qxe5 {[%emt 0:07:27]} 24. Bxc6 {[%emt 0:07:04]} Qxe2 {[%emt 0:01:36]} 25. Rxe2 {[%emt 0:00:05]} Rxe2 {[%emt 0:00:32]} 26. Bxa8 {[%emt 0:00:05]} h6 {[%emt 0:01:21]} 27. Be3 {[%emt 0:00:11]} Bxe3 {[%emt 0:07:47]} 28. fxe3 {[%emt 0:00:04]} Rxb2 {[%emt 0:00:32]} 29. Bd5 {[%emt 0:00:57]} Ne7 {[%emt 0:01:13]} 30. Bb3 {[%emt 0:01:46]} a5 {[%emt 0:00:51]} 31. Rf1 {[%emt 0:00:09]} Kh7 {[%emt 0:12:30]} 32. Rxf7 {[%emt 0:04:12]} Nc6 {[%emt 0:05:57]} 33. Rb7 {[%emt 0:00:53]} Re2 {[%emt 0:19:27]} 34. Rxb5 {[%emt 0:04:44]} Rxe3 {[%emt 0:00:13]} 35. Bd5 {[%emt 0:03:40]} Nb4 {[%emt 0:02:26]} 36. Rxa5 {[%emt 0:02:41]} Nxd5 {[%emt 0:00:04]} 37. Rxd5 {[%emt 0:00:04]} Ra3 {[%emt 0:00:04]} 38. Rd2 {[%emt 0:00:02]} Kg6 {[%emt 0:00:05]} 39. Kf1 {[%emt 0:01:26]} Kf5 {[%emt 0:00:15]} 40. Re2 {[%emt 0:00:00]} g5 {[%emt 0:00:00]} 41. Ke1 {[%emt 0:00:39]} Rd3 {[%emt 0:04:39]} 42. Rd2 {[%emt 0:01:12]} Ra3 {[%emt 0:00:06]} 43. Kd1 {[%emt 0:04:04]} Ke4 {[%emt 0:00:52]} 44. Kc1 {[%emt 0:00:06]} Ke3 {[%emt 0:00:21]} 45. Rc2 {[%emt 0:00:05]} Kd3 {[%emt 0:00:58]} 46. Rf2 {[%emt 0:00:13]} Ra5 {[%emt 0:00:47]} 47. a3 {[%emt 0:04:39]} h5 {[%emt 0:00:18]} 48. Rf3+ {[%emt 0:00:31]} Ke2 {[%emt 0:00:20]} 49. Kb2 {[%emt 0:01:35]} g4 {[%emt 0:03:17]} 50. hxg4 {[%emt 0:00:45]} hxg4 {[%emt 0:00:05]} 51. Rf4 {[%emt 0:00:21]} g3 {[%emt 0:00:58]} 52. Rf3 {[%emt 0:00:13]} Rg5 {[%emt 0:00:39]} 53. Kb3 {[%emt 0:00:21]} Rg4 {[%emt 0:00:45]} 54. a4 {[%emt 0:00:09]} Ke1 {[%emt 0:00:06]} 55. a5 {[%emt 0:00:12]} Ke2 {[%emt 0:00:05]} 56. a6 {[%emt 0:06:22]} Rg6 {[%emt 0:00:09]} 57. a7 {[%emt 0:00:04]} Ra6 {[%emt 0:00:04]} 58. Rf7 {[%emt 0:00:11]} Ra1 {[%emt 0:00:08]} 59. Kc4 {[%emt 0:00:14]} Ra2 {[%emt 0:00:46]} 60. Kc5 {[%emt 0:00:25]} Ke3 {[%emt 0:02:43]} 61. Kb6 {[%emt 0:00:17]} Rb2+ {[%emt 0:00:16]} 62. Kc7 {[%emt 0:00:07]} Rc2+ {[%emt 0:00:46]} 63. Kb8 {[%emt 0:00:22]} Rf2 {[%emt 0:04:39]} 64. Re7+ {[%emt 0:00:18]} 1-0

[Event "12th Maria Albulet Memorial 2019"]
[Site "Braila"]
[Date "2019.10.03"]
[Round "2.2"]
[White "Navrotescu, Andreea-Cristiana"]
[Black "Cosman, Andreea-Marioara"]
[Result "1-0"]
[WhiteElo "2241"]
[BlackElo "2165"]
[Annotator "NA"]
[PlyCount "61"]
[EventDate "2019.10.02"]
[EventType "swiss"]
[EventCountry "ROU"]
[SourceTitle "playchess.com"]
[Source "ChessBase"]
[SourceQuality "1"]
[TimeControl "40/5400+30:900+30"]

1. d4 {[%emt 0:00:00]} Nf6 {[%emt 0:00:00]} 2. c4 {[%emt 0:00:00]} c5 {[%emt 0:00:00]} 3. d5 {[%emt 0:00:00]} e6 {[%emt 0:00:00]} 4. Nc3 {[%emt 0:00:00]} exd5 {[%emt 0:00:02]} 5. cxd5 {[%emt 0:00:00]} d6 {[%emt 0:00:06]} 6. e4 {[%emt 0:00:00]} g6 {[%emt 0:00:05]} 7. Nge2 {[%emt 0:00:00]} Bg7 {[%emt 0:00:07]} 8. Ng3 {[%emt 0:00:02]} h5 {[%emt 0:01:59]} 9. Be2 {[%emt 0:00:13]} a6 {[%emt 0:03:14]} 10. a4 {[%emt 0:00:16]} Qe7 {[%emt 0:00:13]} 11. O-O {[%emt 0:10:47]} Nbd7 {[%emt 0:06:57]} 12. f3 {[%emt 0:04:12]} Nh7 {[%emt 0:07:36]} 13. Be3 {[%emt 0:14:14]} f5 {[%emt 0:16:17]} 14. Qd2 {[%emt 0:00:55]} h4 {[%emt 0:00:17]} 15. Nh1 {[%emt 0:00:19]} O-O {[%emt 0:00:13]} 16. exf5 {[%emt 0:02:22]} gxf5 {[%emt 0:00:59]} 17. Rfe1 {[%emt 0:06:43]} Qf7 {[%emt 0:12:10]} 18. f4 {[%emt 0:03:33]} b6 {[%emt 0:06:14]} 19. Nf2 {[%emt 0:01:42]} Re8 {[%emt 0:12:13]} 20. Rad1 {[%emt 0:05:53]} Ndf6 {[%emt 0:05:15]} 21. Bd3 {[%emt 0:04:12]} Ra7 {[%emt 0:01:53]} 22. Qc2 {[%emt 0:01:26]} Rae7 {[%emt 0:03:01]} 23. Bd2 {[%emt 0:03:22]} Nh5 {[%emt 0:05:46]} 24. Rxe7 {[%emt 0:03:55]} Rxe7 {[%emt 0:00:19]} 25. Kf1 {[%emt 0:06:26]} Bh6 {[%emt 0:05:39]} 26. Nh3 {[%emt 0:03:10]} Kf8 {[%emt 0:02:13]} 27. Qb3 {[%emt 0:00:53]} Rb7 {[%emt 0:04:16]} 28. Bxa6 {[%emt 0:00:50]} Rb8 {[%emt 0:03:15]} 29. Bxc8 {[%emt 0:00:18]} Rxc8 {[%emt 0:00:03]} 30. Qxb6 {[%emt 0:00:20]} Qg6 {[%emt 0:03:41]} 31. Nb5 {[%emt 0:01:18]} 1-0

[Event "12th Maria Albulet Memorial 2019"]
[Site "Braila"]
[Date "2019.10.03"]
[Round "2.3"]
[White "Rakhmangulova, Anastasiya"]
[Black "Petrenko, Svetlana"]
[Result "1-0"]
[WhiteElo "2186"]
[BlackElo "2112"]
[Annotator "NA"]
[PlyCount "105"]
[EventDate "2019.10.02"]
[EventType "swiss"]
[EventCountry "ROU"]
[SourceTitle "playchess.com"]
[Source "ChessBase"]
[SourceQuality "1"]
[TimeControl "40/5400+30:900+30"]

1. e4 {[%emt 0:00:00]} e5 {[%emt 0:00:00]} 2. Nf3 {[%emt 0:00:00]} Nc6 {[%emt 0:00:00]} 3. Bc4 {[%emt 0:00:00]} Be7 {[%emt 0:00:04]} 4. O-O {[%emt 0:01:03]} Nf6 {[%emt 0:00:05]} 5. d3 {[%emt 0:03:46]} O-O {[%emt 0:03:06]} 6. Re1 {[%emt 0:00:27]} d6 {[%emt 0:00:48]} 7. c3 {[%emt 0:00:41]} Na5 {[%emt 0:06:41]} 8. Bb5 {[%emt 0:00:32]} a6 {[%emt 0:01:04]} 9. Ba4 {[%emt 0:00:09]} b5 {[%emt 0:01:49]} 10. Bc2 {[%emt 0:00:06]} c5 {[%emt 0:00:08]} 11. Nbd2 {[%emt 0:01:15]} g6 {[%emt 0:03:42]} 12. Nf1 {[%emt 0:15:45]} Nh5 {[%emt 0:00:35]} 13. d4 {[%emt 0:06:21]} Nc6 {[%emt 0:09:16]} 14. Bh6 {[%emt 0:03:51]} Ng7 {[%emt 0:01:23]} 15. dxc5 {[%emt 0:02:32]} dxc5 {[%emt 0:00:03]} 16. Qe2 {[%emt 0:00:18]} Be6 {[%emt 0:07:19]} 17. Ne3 {[%emt 0:03:04]} f6 {[%emt 0:05:33]} 18. Red1 {[%emt 0:04:05]} Qc8 {[%emt 0:10:49]} 19. Nd5 {[%emt 0:04:08]} Bd8 {[%emt 0:00:12]} 20. a4 {[%emt 0:06:16]} Rb8 {[%emt 0:04:13]} 21. axb5 {[%emt 0:03:49]} axb5 {[%emt 0:00:06]} 22. Nd2 {[%emt 0:03:00]} Ne7 {[%emt 0:07:27]} 23. Nf1 {[%emt 0:06:23]} Bxd5 {[%emt 0:06:02]} 24. exd5 {[%emt 0:00:05]} Nef5 {[%emt 0:00:06]} 25. Bxf5 {[%emt 0:05:50]} Qxf5 {[%emt 0:00:09]} 26. Ra7 {[%emt 0:03:29]} Rf7 {[%emt 0:00:10]} 27. Ng3 {[%emt 0:00:19]} Qc8 {[%emt 0:01:12]} 28. Rxf7 {[%emt 0:00:19]} Kxf7 {[%emt 0:00:01]} 29. Ne4 {[%emt 0:00:09]} Kg8 {[%emt 0:03:10]} 30. g4 {[%emt 0:10:58]} c4 {[%emt 0:03:01]} 31. Qf3 {[%emt 0:07:51]} f5 {[%emt 0:04:27]} 32. Bxg7 {[%emt 0:00:10]} Kxg7 {[%emt 0:00:15]} 33. gxf5 {[%emt 0:00:20]} Qxf5 {[%emt 0:00:32]} 34. Qg2 {[%emt 0:00:33]} Bb6 {[%emt 0:06:55]} 35. d6 {[%emt 0:02:33]} b4 {[%emt 0:04:26]} 36. Re1 {[%emt 0:05:47]} bxc3 {[%emt 0:00:52]} 37. bxc3 {[%emt 0:00:03]} Rf8 {[%emt 0:02:02]} 38. Qg3 {[%emt 0:01:24]} Rf7 {[%emt 0:03:39]} 39. Kg2 {[%emt 0:00:40]} h6 {[%emt 0:01:41]} 40. Re2 {[%emt 0:00:00]} Qe6 {[%emt 0:00:00]} 41. Rd2 {[%emt 0:07:56]} Rf4 {[%emt 0:09:19]} 42. f3 {[%emt 0:00:41]} g5 {[%emt 0:05:35]} 43. d7 {[%emt 0:04:36]} Bd8 {[%emt 0:00:18]} 44. Rd6 {[%emt 0:01:32]} Qf5 {[%emt 0:01:26]} 45. Nc5 {[%emt 0:03:54]} Kh7 {[%emt 0:01:18]} 46. Ne6 {[%emt 0:00:31]} Rh4 {[%emt 0:02:33]} 47. Nxd8 {[%emt 0:00:07]} Qc2+ {[%emt 0:00:10]} 48. Kh1 {[%emt 0:00:03]} Qc1+ {[%emt 0:00:46]} 49. Qg1 {[%emt 0:00:16]} Qxc3 {[%emt 0:00:07]} 50. Qd1 {[%emt 0:01:09]} Qe3 {[%emt 0:03:48]} 51. Qf1 {[%emt 0:01:06]} Qf4 {[%emt 0:01:24]} 52. Qb1+ {[%emt 0:00:03]} Kh8 {[%emt 0:00:24]} 53. Nf7+ {[%emt 0:00:05]} 1-0

[Event "12th Maria Albulet Memorial 2019"]
[Site "Braila"]
[Date "2019.10.03"]
[Round "2.4"]
[White "Mihailova, Alina"]
[Black "Verbin, Valentina"]
[Result "1/2-1/2"]
[WhiteElo "1770"]
[BlackElo "2076"]
[Annotator "NA"]
[PlyCount "57"]
[EventDate "2019.10.02"]
[EventType "swiss"]
[EventCountry "ROU"]
[SourceTitle "playchess.com"]
[Source "ChessBase"]
[SourceQuality "1"]
[TimeControl "40/5400+30:900+30"]

1. d4 {[%emt 0:00:00]} Nf6 {[%emt 0:00:00]} 2. c4 {[%emt 0:00:00]} e6 {[%emt 0:00:00]} 3. g3 {[%emt 0:01:03]} d5 {[%emt 0:00:00]} 4. Nf3 {[%emt 0:00:08]} Bb4+ {[%emt 0:00:18]} 5. Bd2 {[%emt 0:00:13]} Be7 {[%emt 0:00:08]} 6. Bg2 {[%emt 0:00:07]} c6 {[%emt 0:00:10]} 7. O-O {[%emt 0:00:39]} O-O {[%emt 0:00:10]} 8. Qc2 {[%emt 0:06:43]} b6 {[%emt 0:00:17]} 9. Bf4 {[%emt 0:01:06]} Ba6 {[%emt 0:01:12]} 10. Nbd2 {[%emt 0:02:33]} h6 {[%emt 0:03:53]} 11. Rfd1 {[%emt 0:05:27]} Nh5 {[%emt 0:04:42]} 12. Bxb8 {[%emt 0:03:53]} Rxb8 {[%emt 0:03:41]} 13. Ne5 {[%emt 0:01:19]} Qc8 {[%emt 0:15:03]} 14. Rac1 {[%emt 0:06:35]} Bd6 {[%emt 0:06:46]} 15. Ndf3 {[%emt 0:09:41]} Nf6 {[%emt 0:05:17]} 16. cxd5 {[%emt 0:11:17]} cxd5 {[%emt 0:00:33]} 17. Nc6 {[%emt 0:00:52]} Rb7 {[%emt 0:03:03]} 18. Qa4 {[%emt 0:09:56]} Bc4 {[%emt 0:05:55]} 19. b3 {[%emt 0:05:17]} Rc7 {[%emt 0:07:30]} 20. Nxa7 {[%emt 0:09:04]} Qa8 {[%emt 0:01:24]} 21. bxc4 {[%emt 0:01:45]} Rxa7 {[%emt 0:03:43]} 22. Qb3 {[%emt 0:00:33]} Rxa2 {[%emt 0:06:39]} 23. cxd5 {[%emt 0:06:16]} Qxd5 {[%emt 0:09:23]} 24. Qxb6 {[%emt 0:03:11]} Rb8 {[%emt 0:04:11]} 25. Qc6 {[%emt 0:00:31]} Rxe2 {[%emt 0:01:04]} 26. Qxd5 {[%emt 0:00:42]} exd5 {[%emt 0:02:47]} 27. Rd2 {[%emt 0:06:07]} Rxd2 {[%emt 0:00:30]} 28. Nxd2 {[%emt 0:00:02]} Rb2 {[%emt 0:00:06]} 29. Nf3 {[%emt 0:00:45]} 1/2-1/2

[Event "12th Maria Albulet Memorial 2019"]
[Site "Braila"]
[Date "2019.10.03"]
[Round "2.5"]
[White "Cosma, Elena-Luminita"]
[Black "Makropoulou, Marina"]
[Result "1-0"]
[WhiteElo "2313"]
[BlackElo "2201"]
[Annotator "TA"]
[PlyCount "61"]
[EventDate "2019.10.02"]
[EventType "swiss"]
[EventCountry "ROU"]
[SourceTitle "playchess.com"]
[Source "ChessBase"]
[SourceQuality "1"]

{[%evp 16,69,24,9,12,6,8,10,9,15,11,0,0,0,9,4,14,12,40,26,67,63,94,76,119,89,82,88,116,122,193,157,158,158,162,150,149,153,155,145,168,152,352,364,888,872,881,845,881,886,1750,1365,1648,877,29987,29988]} 1. d4 Nf6 2. Nf3 e6 3. g3 d5 4. Bg2 Be7 5. c4 O-O 6. O-O Nbd7 7. Qc2 c6 8. b3 Ne4 9. Ba3 Bxa3 {E08: Closed Catalan: Main Line: 7 Qc2} 10. Nxa3 Qe7 11. Qb2 b6 {The position is equal.} 12. Rac1 (12. Rfc1 Bb7 13. Nc2 dxc4 14. bxc4 c5 15. Nd2 Nxd2 16. Bxb7 Nxc4 17. Qc3 {0-1 (56) Fridman,D (2648)-Roiz,M (2617) Beersheba 2013}) 12... Bb7 13. cxd5 exd5 14. Nc2 {[%cal Ba3c2,Bc2e1,Be1d3][%mdl 32]} Rae8 15. e3 $146 ({Predecessor:} 15. Nce1 Ng5 16. Nxg5 Qxg5 17. e3 {1-0 (47) Shushpanov,V (2367)-Anjuhin,A (2346) Peterhof 2008}) 15... f5 16. Rfd1 g5 17. Nce1 Rf6 18. Nd3 Rh6 19. Nfe5 Nb8 20. f3 Nd6 21. Re1 Rf8 22. Qd2 Nf7 (22... Qg7 $16 23. Rc2 Re6) 23. Nxf7 Qxf7 24. Ne5 Qe7 {[#]} 25. e4 $1 {[%cal Re4f5]} dxe4 26. fxe4 f4 27. Ng4 $36 {[%mdl 2048] Black is under strong pressure.} Rg6 28. e5 f3 $2 (28... Kh8 $16 {was called for.}) 29. Nf6+ $18 Rfxf6 $2 (29... Kh8) 30. exf6 Qxf6 {[#]} 31. Re8+ {Played: Bg2xf3} 1-0

[Event "12th Maria Albulet Memorial 2019"]
[Site "Braila"]
[Date "2019.10.03"]
[Round "2.6"]
[White "Bucur, Denisa-Andreea"]
[Black "Pitigoi, Sabina-Andreea"]
[Result "1-0"]
[WhiteElo "1888"]
[BlackElo "1490"]
[Annotator "NA"]
[PlyCount "111"]
[EventDate "2019.10.02"]
[EventType "swiss"]
[EventCountry "ROU"]
[SourceTitle "playchess.com"]
[Source "ChessBase"]
[SourceQuality "1"]
[TimeControl "40/5400+30:900+30"]

1. d4 {[%emt 0:00:00]} Nf6 {[%emt 0:00:00]} 2. Nf3 {[%emt 0:00:00]} e6 {[%emt 0:00:04]} 3. c4 {[%emt 0:00:00]} b6 {[%emt 0:00:09]} 4. Nc3 {[%emt 0:00:00]} Bb4 {[%emt 0:00:08]} 5. e3 {[%emt 0:00:00]} c5 {[%emt 0:01:05]} 6. Bd2 {[%emt 0:00:58]} Bb7 {[%emt 0:00:58]} 7. Bd3 {[%emt 0:00:08]} O-O {[%emt 0:01:06]} 8. a3 {[%emt 0:00:15]} Bxc3 {[%emt 0:00:39]} 9. Bxc3 {[%emt 0:00:04]} d5 {[%emt 0:02:39]} 10. cxd5 {[%emt 0:03:41]} exd5 {[%emt 0:01:06]} 11. O-O {[%emt 0:00:13]} Nc6 {[%emt 0:01:19]} 12. dxc5 {[%emt 0:13:27]} bxc5 {[%emt 0:00:13]} 13. Bxf6 {[%emt 0:00:59]} Qxf6 {[%emt 0:00:26]} 14. Qc2 {[%emt 0:00:05]} c4 {[%emt 0:21:27]} 15. Bxh7+ {[%emt 0:00:05]} Kh8 {[%emt 0:00:03]} 16. Bf5 {[%emt 0:00:15]} g6 {[%emt 0:02:40]} 17. Bh3 {[%emt 0:00:17]} Kg7 {[%emt 0:02:19]} 18. Qc3 {[%emt 0:04:05]} Qxc3 {[%emt 0:01:15]} 19. bxc3 {[%emt 0:00:01]} Na5 {[%emt 0:03:53]} 20. Nd4 {[%emt 0:01:03]} Ba6 {[%emt 0:02:03]} 21. Nc2 {[%emt 0:05:09]} Nb3 {[%emt 0:03:24]} 22. Rad1 {[%emt 0:00:07]} Rfd8 {[%emt 0:01:18]} 23. g3 {[%emt 0:01:36]} Bb7 {[%emt 0:01:30]} 24. Nd4 {[%emt 0:04:36]} Rab8 {[%emt 0:05:48]} 25. Bg2 {[%emt 0:03:17]} Ba8 {[%emt 0:03:23]} 26. Nc2 {[%emt 0:10:08]} a5 {[%emt 0:02:55]} 27. Rfe1 {[%emt 0:04:41]} Nc5 {[%emt 0:03:41]} 28. Nd4 {[%emt 0:00:48]} Nd3 {[%emt 0:11:51]} 29. Re2 {[%emt 0:00:53]} Nb2 {[%emt 0:05:28]} 30. Ra1 {[%emt 0:02:52]} Na4 {[%emt 0:01:24]} 31. Rc1 {[%emt 0:01:53]} Re8 {[%emt 0:05:02]} 32. h4 {[%emt 0:01:03]} f5 {[%emt 0:01:55]} 33. h5 {[%emt 0:04:38]} gxh5 {[%emt 0:06:07]} 34. Bh3 {[%emt 0:03:15]} Rb6 {[%emt 0:03:37]} 35. Bxf5 {[%emt 0:01:00]} Reb8 {[%emt 0:01:17]} 36. Kg2 {[%emt 0:02:48]} Nc5 {[%emt 0:02:38]} 37. Rh1 {[%emt 0:01:00]} Rh8 {[%emt 0:01:02]} 38. Ree1 {[%emt 0:03:31]} Nb3 {[%emt 0:01:49]} 39. g4 {[%emt 0:03:50]} Rf6 {[%emt 0:01:15]} 40. g5 {[%emt 0:00:00]} Rf7 {[%emt 0:00:00]} 41. Bc2 {[%emt 0:08:29]} Nc5 {[%emt 0:03:34]} 42. f4 Kf8 {[%emt 0:02:53]} 43. Rb1 {[%emt 0:02:48]} Rb7 {[%emt 0:02:08]} 44. Rxb7 {[%emt 0:00:07]} Bxb7 {[%emt 0:00:08]} 45. Kg3 {[%emt 0:00:17]} Ne4+ {[%emt 0:01:52]} 46. Bxe4 {[%emt 0:00:08]} dxe4 {[%emt 0:00:03]} 47. f5 {[%emt 0:01:23]} Kf7 {[%emt 0:03:26]} 48. Kf4 {[%emt 0:00:25]} h4 {[%emt 0:00:58]} 49. Kg4 {[%emt 0:00:47]} h3 {[%emt 0:01:20]} 50. Rxh3 {[%emt 0:00:05]} Rxh3 {[%emt 0:00:03]} 51. Kxh3 {[%emt 0:00:05]} Bc8 {[%emt 0:00:25]} 52. Kg4 {[%emt 0:00:01]} Bb7 {[%emt 0:02:07]} 53. Kf4 {[%emt 0:00:03]} Ke7 {[%emt 0:00:37]} 54. Ke5 {[%emt 0:00:07]} a4 {[%emt 0:00:30]} 55. g6 {[%emt 0:00:06]} Kf8 {[%emt 0:00:07]} 56. Ne6+ {[%emt 0:00:12]} 1-0

[Event "12th Maria Albulet Memorial 2019"]
[Site "Braila"]
[Date "2019.10.03"]
[Round "2.7"]
[White "Maria, Lia-Alexandra"]
[Black "Didiliuc, Dariana-Gabriela"]
[Result "0-1"]
[WhiteElo "1602"]
[BlackElo "1798"]
[Annotator "NA"]
[PlyCount "86"]
[EventDate "2019.10.02"]
[EventType "swiss"]
[EventCountry "ROU"]
[SourceTitle "playchess.com"]
[Source "ChessBase"]
[SourceQuality "1"]
[TimeControl "40/5400+30:900+30"]

1. e4 {[%emt 0:00:00]} e6 {[%emt 0:00:00]} 2. d4 {[%emt 0:00:00]} d5 {[%emt 0:00:00]} 3. Nc3 {[%emt 0:00:20]} Nf6 {[%emt 0:03:13]} 4. e5 {[%emt 0:02:31]} Nfd7 {[%emt 0:00:22]} 5. Nf3 {[%emt 0:04:20]} c5 {[%emt 0:00:35]} 6. Bf4 {[%emt 0:10:32]} Nc6 {[%emt 0:01:32]} 7. Ne2 {[%emt 0:19:59]} Qb6 {[%emt 0:09:14]} 8. c3 {[%emt 0:17:20]} Qxb2 {[%emt 0:06:28]} 9. Rb1 {[%emt 0:02:25]} Qxa2 {[%emt 0:04:22]} 10. Ra1 {[%emt 0:02:28]} Qc4 {[%emt 0:00:23]} 11. Ng3 {[%emt 0:02:08]} Qxc3+ {[%emt 0:03:56]} 12. Bd2 {[%emt 0:00:40]} Qb2 {[%emt 0:00:43]} 13. Rb1 {[%emt 0:00:18]} Qa3 {[%emt 0:00:27]} 14. Ra1 {[%emt 0:00:19]} Qxa1 {[%emt 0:01:00]} 15. Qxa1 {[%emt 0:00:12]} c4 {[%emt 0:00:20]} 16. Be2 {[%emt 0:10:35]} b5 {[%emt 0:01:30]} 17. O-O {[%emt 0:01:02]} a5 {[%emt 0:02:48]} 18. Rc1 {[%emt 0:04:23]} Nb6 {[%emt 0:01:16]} 19. Bf1 {[%emt 0:04:46]} b4 {[%emt 0:01:11]} 20. Ne1 {[%emt 0:06:28]} Bd7 {[%emt 0:01:37]} 21. Nc2 {[%emt 0:01:05]} Be7 {[%emt 0:02:19]} 22. Ne3 {[%emt 0:01:25]} O-O {[%emt 0:02:05]} 23. f4 {[%emt 0:02:11]} Rfc8 {[%emt 0:01:00]} 24. f5 {[%emt 0:01:26]} Bf8 {[%emt 0:07:58]} 25. f6 {[%emt 0:01:16]} g6 {[%emt 0:01:06]} 26. Ng4 {[%emt 0:00:09]} Nxd4 {[%emt 0:12:18]} 27. Nh6+ {[%emt 0:02:04]} Bxh6 {[%emt 0:00:15]} 28. Qxd4 {[%emt 0:00:15]} Bxd2 {[%emt 0:00:45]} 29. Qxd2 {[%emt 0:00:13]} Kh8 {[%emt 0:00:13]} 30. Qh6 {[%emt 0:00:52]} Rg8 {[%emt 0:00:06]} 31. Nh1 {[%emt 0:01:00]} g5 {[%emt 0:00:43]} 32. Nf2 {[%emt 0:00:16]} Rg6 {[%emt 0:00:41]} 33. Qh5 {[%emt 0:00:13]} Rag8 {[%emt 0:00:19]} 34. Ng4 {[%emt 0:00:37]} a4 {[%emt 0:02:16]} 35. Re1 {[%emt 0:01:13]} Be8 {[%emt 0:03:32]} 36. Re3 {[%emt 0:00:47]} Nd7 {[%emt 0:00:09]} 37. Rh3 {[%emt 0:00:27]} Nf8 {[%emt 0:00:08]} 38. Re3 {[%emt 0:01:07]} b3 {[%emt 0:00:21]} 39. Nh6 {[%emt 0:01:00]} b2 {[%emt 0:00:24]} 40. Re1 {[%emt 0:00:00]} a3 {[%emt 0:00:00]} 41. Nxg8 {[%emt 0:01:21]} Kxg8 {[%emt 0:00:15]} 42. Qe2 {[%emt 0:01:33]} c3 {[%emt 0:03:09]} 43. Qc2 {[%emt 0:00:27]} a2 {[%emt 0:00:19]} 0-1

[Event "12th Maria Albulet Memorial 2019"]
[Site "Braila"]
[Date "2019.10.03"]
[Round "2.8"]
[White "Paraschiv, Petronela-Alexandra"]
[Black "Anghel, Maria"]
[Result "0-1"]
[WhiteElo "1829"]
[BlackElo "1743"]
[Annotator "NA"]
[PlyCount "124"]
[EventDate "2019.10.02"]
[EventType "swiss"]
[EventCountry "ROU"]
[SourceTitle "playchess.com"]
[Source "ChessBase"]
[SourceQuality "1"]
[TimeControl "40/5400+30:900+30"]

1. e4 {[%emt 0:00:00]} c6 {[%emt 0:00:06]} 2. Nc3 {[%emt 0:00:10]} d5 {[%emt 0:00:19]} 3. Nf3 {[%emt 0:00:31]} a6 {[%emt 0:00:14]} 4. h3 {[%emt 0:00:49]} d4 {[%emt 0:00:39]} 5. Ne2 {[%emt 0:00:51]} c5 {[%emt 0:00:12]} 6. c3 {[%emt 0:01:34]} Nc6 {[%emt 0:02:25]} 7. cxd4 {[%emt 0:01:26]} cxd4 {[%emt 0:00:29]} 8. d3 {[%emt 0:03:10]} e6 {[%emt 0:06:26]} 9. a3 {[%emt 0:02:37]} Nf6 {[%emt 0:04:56]} 10. Bf4 {[%emt 0:01:51]} Bd6 {[%emt 0:07:35]} 11. Bg5 {[%emt 0:07:54]} h6 {[%emt 0:04:55]} 12. Bh4 {[%emt 0:04:26]} Qa5+ {[%emt 0:04:39]} 13. Nd2 {[%emt 0:03:45]} Nd7 {[%emt 0:09:00]} 14. b4 {[%emt 0:03:46]} Qh5 {[%emt 0:10:24]} 15. Nc4 {[%emt 0:05:22]} Bxb4+ {[%emt 0:11:27]} 16. axb4 {[%emt 0:00:11]} Qxh4 {[%emt 0:00:28]} 17. b5 {[%emt 0:02:19]} Nce5 {[%emt 0:03:06]} 18. Nxe5 {[%emt 0:01:41]} Nxe5 {[%emt 0:00:11]} 19. Nxd4 {[%emt 0:00:10]} O-O {[%emt 0:02:08]} 20. Nf3 {[%emt 0:01:54]} Qf6 {[%emt 0:01:38]} 21. Be2 {[%emt 0:02:53]} Nxf3+ {[%emt 0:01:56]} 22. Bxf3 {[%emt 0:00:10]} Qc3+ {[%emt 0:00:38]} 23. Kf1 {[%emt 0:00:50]} e5 {[%emt 0:02:06]} 24. Kg1 {[%emt 0:01:17]} Rd8 {[%emt 0:02:40]} 25. Be2 {[%emt 0:01:35]} Qd4 {[%emt 0:05:33]} 26. g4 {[%emt 0:06:04]} Bd7 {[%emt 0:01:46]} 27. bxa6 {[%emt 0:01:01]} bxa6 {[%emt 0:00:17]} 28. h4 {[%emt 0:00:45]} Bb5 {[%emt 0:03:56]} 29. Ra3 {[%emt 0:03:24]} Rac8 {[%emt 0:01:39]} 30. Rh3 {[%emt 0:07:19]} Qb2 {[%emt 0:02:26]} 31. Rb3 {[%emt 0:00:53]} Qa2 {[%emt 0:01:24]} 32. Bf1 {[%emt 0:02:21]} Ba4 {[%emt 0:01:11]} 33. Rb2 {[%emt 0:01:41]} Qxb2 {[%emt 0:00:17]} 34. Qxa4 {[%emt 0:00:05]} Qb5 {[%emt 0:02:00]} 35. Qa3 {[%emt 0:00:51]} a5 {[%emt 0:02:22]} 36. d4 {[%emt 0:01:14]} Qb4 {[%emt 0:01:21]} 37. dxe5 {[%emt 0:02:33]} Qxa3 {[%emt 0:03:06]} 38. Rxa3 {[%emt 0:00:07]} Ra8 {[%emt 0:00:21]} 39. Bc4 {[%emt 0:00:48]} Rd4 {[%emt 0:02:01]} 40. Bd5 {[%emt 0:00:00]} Ra7 {[%emt 0:00:00]} 41. e6 {[%emt 0:00:50]} fxe6 {[%emt 0:01:05]} 42. Bxe6+ {[%emt 0:00:05]} Kf8 {[%emt 0:00:12]} 43. Bd5 {[%emt 0:00:36]} Ke7 {[%emt 0:01:14]} 44. Kf1 {[%emt 0:00:29]} Kd6 {[%emt 0:03:46]} 45. Ke2 {[%emt 0:00:28]} a4 {[%emt 0:01:40]} 46. Ke3 {[%emt 0:00:28]} Rd1 {[%emt 0:00:54]} 47. Ke2 {[%emt 0:01:18]} Rb1 {[%emt 0:01:01]} 48. Kd2 {[%emt 0:01:22]} Rb2+ {[%emt 0:01:02]} 49. Ke3 {[%emt 0:00:15]} Kc5 {[%emt 0:00:46]} 50. Ra2 {[%emt 0:01:58]} a3 {[%emt 0:02:14]} 51. f3 {[%emt 0:00:50]} Kb4 {[%emt 0:01:46]} 52. Kd3 {[%emt 0:01:04]} Rd7 {[%emt 0:01:59]} 53. Ke3 {[%emt 0:00:45]} Rxd5 {[%emt 0:03:39]} 54. exd5 {[%emt 0:00:06]} Rxa2 {[%emt 0:00:07]} 55. d6 {[%emt 0:00:05]} Ra1 {[%emt 0:00:13]} 56. Ke2 {[%emt 0:00:23]} a2 {[%emt 0:00:13]} 57. d7 {[%emt 0:01:05]} Rd1 {[%emt 0:00:19]} 58. Kxd1 {[%emt 0:00:16]} a1=Q+ {[%emt 0:00:09]} 59. Ke2 {[%emt 0:00:11]} Qd4 {[%emt 0:00:27]} 60. g5 {[%emt 0:00:41]} hxg5 {[%emt 0:00:21]} 61. hxg5 {[%emt 0:00:07]} Qxd7 {[%emt 0:00:14]} 62. f4 {[%emt 0:00:20]} Qf5 {[%emt 0:00:20]} 0-1